000 00713nam a2200193 i 4500
001 58227
003 ES-MaACL
005 20230906163743.0
007 t|
008 031021s1914 sp |||| | spa d
080 _a726.75(460.235 S. Cugat Vallés)(091)
100 1 _aDurán Cañameras, Félix.
_946209
245 1 4 _aLas relaciones jurídicas del Monasterio de San Cugat del Vallés (Cataluña) /
_cFélix Durán.
260 _aMadrid :
_b[s.n.],
_c1914 (
_fImp. de la Revista de archivos, bibliotecas y museos)
300 _a27 p. ;
_c24 cm.
595 _aTirada aparte de: Revista de archivos, bibliotecas y museos.
610 2 4 _aMonasterio de San Cugat del Vallés.
_95744
852 _aES-MaACL
_jT-1453-F-6
999 _c58227
_d58227